The architecture of molecules / (Record no. 10036)
[ view plain ]
| 000 -LEADER | |
|---|---|
| fixed length control field | 00730cam a22002411 4500 |
| 001 - CONTROL NUMBER | |
| control field | 10036 |
| 003 - CONTROL NUMBER IDENTIFIER | |
| rucl marc code | BD-RjUL |
| 005 - DATE AND TIME OF LATEST TRANSACTION | |
| control field | 20211208234901.0 |
| 008 - FIXED-LENGTH DATA ELEMENTS--GENERAL INFORMATION | |
| fixed length control field | 140121s1964 caua 000 0 eng d |
| 035 ## - SYSTEM CONTROL NUMBER | |
| System control number | (BD-RjUL) 10083 |
| 040 ## - CATALOGING SOURCE | |
| Original cataloging agency | DLC |
| Transcribing agency | DLC |
| Modifying agency | DLC |
| -- | (BD-RjUL) |
| Language of cataloging | eng |
| 041 ## - LANGUAGE CODE | |
| Language code of text/sound track or separate title | eng |
| 082 00 - DEWEY DECIMAL CLASSIFICATION NUMBER | |
| Classification number | 541.22 |
| Author mark and year | PAA |
| 100 1# - MAIN ENTRY--PERSONAL NAME | |
| Personal name | Pauling, Linus, |
| Dates associated with a name | 1901-1994. |
| 9 (RLIN) | 29404 |
| 245 14 - TITLE STATEMENT | |
| Title | The architecture of molecules / |
| Statement of responsibility, etc. | [by] Linus Pauling and Roger Hayward. |
| 260 ## - PUBLICATION, DISTRIBUTION, ETC. (IMPRINT) | |
| Place of publication, distribution, etc. | San Francisco : |
| Name of publisher, distributor, etc. | W. H. Freeman , |
| Date of publication, distribution, etc. | [c1964] |
| 300 ## - PHYSICAL DESCRIPTION | |
| Pagination | x, 57p. : |
| Illustrations | col. illus. ; |
| Size | 26 cm. |
| 650 #0 - SUBJECT ADDED ENTRY--TOPICAL TERM | |
| Topical term or geographic name as entry element | Molecular structure. |
| 9 (RLIN) | 28116 |
| 700 1# - ADDED ENTRY--PERSONAL NAME | |
| Personal name | Hayward, Roger, |
| Dates associated with a name | 1899-1979, |
| Relator term | illus. |
| 942 ## - ADDED ENTRY ELEMENTS (KOHA) | |
| Source of classification or shelving scheme | Dewey Decimal Classification |
| Koha item type | Books |
| Lost status | Source of classification or shelving scheme | Damaged status | Not for loan | Collection code | Permanent Location | Current Location | Shelving location | Date acquired | Source of acquisition | Cost, normal purchase price | Total Checkouts | Full call number | Date last seen | Copy number | Koha item type |
|---|---|---|---|---|---|---|---|---|---|---|---|---|---|---|---|
| Dewey Decimal Classification | Not For Loan | Non-fiction | Central Library, University of Rajshahi | Central Library, University of Rajshahi | Reading Room | 23/09/1970 | Zeitlinger | 94.00 | 541.22 PAA 1964 | 22/01/2014 | C-1 | Books |